000 00385nam a2200157Ia 4500
999 _c30881
_d30881
003 OSt
005 20250611143301.0
008 250310s9999||||xx |||||||||||||| ||und||
040 _c.
082 _a823
_bR632
100 _95978
_aRobbins, Harold
245 0 _aThe inheritors /
_cHarold Robbins
260 _aLondon :
_bNew English Library,
_c1976.
300 _a382 p.
942 _cBK
_2ddc